Cocinas y comedores asiáticos contemporáneos /

Selección de diseños de cocinas y comedores domésticos de arquitectos y diseñadores modernos en Singapur, Tailandia y Bali, en donde se pueden apreciar los cambios en la estética de estos espacios funcionales que tienden hacia la agilidad y la creatividad, como centros de entretenimiento, cuando tra...

Descrición completa

Gardado en:
Detalles Bibliográficos
Autor Principal: Zabihi, Karina (autor)
Outros autores: Jotisalikorn, Chami (autor) (autor)
Formato: Libro
Idioma:Lingua castelá
Publicado: México : AM Editores, 2005, c2005
Temas:
Etiquetas: Engadir etiqueta
Sen Etiquetas, Sexa o primeiro en etiquetar este rexistro!

MARC

LEADER 00000nam^a2200000^a^4500
001 000189044
005 20250521000000.0
009 20260310102400.958
020 |a 970-9726-22-6 
037 |a Acervo ITESO - Biblioteca 
041 |a ESP 
082 |a 747. 295051  |b ZAB 
100 |a Zabihi, Karina  |e (autor) 
245 1 0 |a Cocinas y comedores asiáticos contemporáneos /  |c K. Zabihi, C. Jotisalikorn ; fotografía de Luca Invernizzi Tettoni ; dir. Valeria Degregorio Vega, Tzacil Cervantes Ortega ; coord. de Susana Madrigal Gutiérrez ; tr. por Mexidiom Traducciones. 
264 4 |a México :  |b AM Editores,  |c 2005, c2005 
300 |a 128 p. 
336 |a texto  |b txt  |2 rdacontenido 
337 |a sin mediación  |b n  |2 rdamedio 
338 |a volumen  |b nc  |2 rdasoporte 
520 |a Selección de diseños de cocinas y comedores domésticos de arquitectos y diseñadores modernos en Singapur, Tailandia y Bali, en donde se pueden apreciar los cambios en la estética de estos espacios funcionales que tienden hacia la agilidad y la creatividad, como centros de entretenimiento, cuando tradicionalmente eran espacios muy formales, cerrados y separados entre sí. Incluye una sección especial para espacios dedicados a las comidas al aire libre, así como recomendaciones para crear novedosos juegos de servicio. 
649 |a XX 
650 |a Objetos Decorativos -  |z Asia 
650 |a Muebles de Cocina -  |z Asia 
650 |a Muebles de Comedor -  |z Asia 
650 |a Cocinas -  |z Asia 
650 |a Comedores -  |z Asia 
650 |a Vivienda Unifamiliar -  |z Asia 
650 |a Decoración y Ornamentación -  |z Asia -  |x Historia y Crítica -  |x Tema Principal 
650 |a Diseño Arquitectónico -  |z Asia -  |x Historia y Crítica 
650 |a Arquitectura Asiática -  |y 2000-2009 
650 |a Arquitectura Asiática -  |x Historia y Crítica 
700 |a Jotisalikorn, Chami  |e (autor) 
910 |a Fondo General 
920 |a Impresos - Libros 
930 |a Colección General 
905 |a 101 
901 |a 0500131655  |b IT1  |c ACC  |u 20250521 
902 |a https://opac.biblio.iteso.mx/vufind/Record/000189044